<?xml version="1.0" encoding="UTF-8"?>
<marc:record xmlns:marc="http://www.loc.gov/MARC21/slim">
   <marc:leader>00000nam a2200000 a 4500</marc:leader>
   <marc:datafield ind1="1" ind2=" " tag="100">
      <marc:subfield code="a">Behn, Märtha Louise</marc:subfield>
      <marc:subfield code="4">aut</marc:subfield>
      <marc:subfield code="e">Verfasser/-in</marc:subfield>
   </marc:datafield>
   <marc:datafield ind1="1" ind2=" " tag="100">
      <marc:subfield code="a">Nordeng, Elisabeth</marc:subfield>
      <marc:subfield code="4">aut</marc:subfield>
      <marc:subfield code="e">Verfasser/-in</marc:subfield>
   </marc:datafield>
   <marc:datafield ind1="1" ind2=" " tag="100">
      <marc:subfield code="a">Behn, Märtha Louise</marc:subfield>
   </marc:datafield>
   <marc:datafield ind1=" " ind2=" " tag="653">
      <marc:subfield code="a">Spiritualität</marc:subfield>
   </marc:datafield>
   <marc:datafield ind1=" " ind2=" " tag="653">
      <marc:subfield code="a">Esoterik</marc:subfield>
   </marc:datafield>
   <marc:datafield ind1=" " ind2=" " tag="653">
      <marc:subfield code="a">Softcover / Ratgeber/Spiritualität/Sonstiges</marc:subfield>
   </marc:datafield>
   <marc:datafield ind1="0" ind2="0" tag="245">
      <marc:subfield code="a">Schutzengel begleiten dich</marc:subfield>
   </marc:datafield>
   <marc:datafield ind1="0" ind2="0" tag="245">
      <marc:subfield code="c">Märtha Louise und Elisabeth Samnøy. [Aus dem Norweg. von Andrea Fischer und Janne Rognlid Krause</marc:subfield>
   </marc:datafield>
   <marc:datafield ind1=" " ind2="1" tag="264">
      <marc:subfield code="a">Burgrain</marc:subfield>
      <marc:subfield code="b">KOHA</marc:subfield>
      <marc:subfield code="c">2010</marc:subfield>
   </marc:datafield>
   <marc:datafield ind1="1" ind2=" " tag="520">
      <marc:subfield code="a">Angaben aus der Verlagsmeldung

Schutzengel begleiten dich / von Märtha Louise, Elisabeth Samnøy

Schutzengel begleiten dich aus der Feder von Prinzessin Märtha Louise von Norwegen und Elisabeth Samnøy ist ein beschwingter Ratgeber zur Entfaltung unserer individuellen Persönlichkeit.
Neben einer Einführung in die Bedeutung unseres Körpers, unserer Chakras und unserer Aura für die Neue Zeit bietet er auf über 200 Seiten unzählige Tipps und Anweisungen, um mit unseren eigenen positiven Kräften und unserer Intuition in Kontakt zu kommen. Dies geschieht mithilfe vieler tiefer Meditationen durch die Anbindung an unseren Körper - besonders unser Herz -, an die Erde und das Universum und natürlich an unsere Schutzengel. Enthalten sind aber auch handfeste Anleitungen wie etwa fantasievolle Kochrezepte, die unseren Körper mit neuer Energie versorgen.
Die natürliche Sprache und liebevolle Führung durch die Übungen und Meditationen beflügeln den Leser, sich ganz von selbst den anderen Dimensionen unseres Seins zu öffnen.
</marc:subfield>
   </marc:datafield>
   <marc:datafield ind1=" " ind2=" " tag="020">
      <marc:subfield code="a">9783867281218</marc:subfield>
      <marc:subfield code="9">9783867281218</marc:subfield>
   </marc:datafield>
   <marc:datafield ind1=" " ind2=" " tag="300">
      <marc:subfield code="a">205 S.</marc:subfield>
   </marc:datafield>
</marc:record>
